| 000 | 01995nam0a2200397 i 4500 | ||
|---|---|---|---|
| 001 | RU\NLR\BIBL_A\010259977 | ||
| 005 | 20241105170441.0 | ||
| 010 |
_a9785903457052 _bв пер. _9500 |
||
| 021 |
_aRU _b2014-4236 _9258 |
||
| 035 | _a(NILC)RuMoRGB-006729552 | ||
| 035 | _a(NLR Aleph) 010259977 | ||
| 090 |
_a10453895 _c10453895 |
||
| 100 | _a20140319d2013 km y0rusy50 ca | ||
| 101 | 0 | _arus | |
| 102 | _aRU | ||
| 105 | _aac||z|||000yy | ||
| 200 | 1 |
_aЗа погружением - всплытие. Кронштадтское соединение подводных лодок _fЮ. Н. Курганский, С. П. Сирый |
|
| 205 | _aИзд. 2-е, доп. | ||
| 210 |
_aСанкт-Петербург _cМор Вест _d2013 |
||
| 215 |
_a366, [1] с. _cил., портр. _d24 |
||
| 300 | _aНа 4-й с. обл. авт.: Ю. Н. Курганский, врач-подводник, подполк. мед. службы в отставке, С. П. Сирый, к. т. н., проф., засл. работник высш. шк. России, кап. 1 ранга | ||
| 320 | _aБиблиогр.: с. 364-365 | ||
| 320 | _aДр. произведения авторов на 4-й с. обл. | ||
| 517 | 1 | _aКронштадтское соединение подводных лодок | |
| 601 | 0 | 2 |
_aКронштадтское соединение подводных лодок _92110530 _3RU\NLR\auth\661579055 |
| 601 | 0 | 2 |
_aОтдельная бригада подводных лодок _c123 _92110531 _3RU\NLR\auth\661579056 |
| 686 | 1 | _aЦ66,6(2)11-13 | |
| 700 | 1 |
_aКурганский _bЮ. Н. _gЮрий Николаевич |
|
| 701 | 1 |
_aСирый _bС. П. _f1939-2016 _gСергей Прокофьевич _9163680 _3RU\NLR\AUTH\770163724 |
|
| 801 | 0 |
_aRU _bRuMoRKP _c20110404 _gRCR |
|
| 801 | 2 |
_aRU _bРГБ _c20140129 _grcr |
|
| 801 | 1 |
_aRU _bRuMoRKP _c20110404 _2rusmarc |
|
| 942 | _cBOOK | ||
| 980 | _aNBR | ||